LEADER 01063nam0-2200361li-450 001 990000254810203316 005 20180312154629.0 010 $a0-87778-217-2 035 $a0025481 035 $aUSA010025481 035 $a(ALEPH)000025481USA01 035 $a0025481 100 $a20001109d1989----km-y0itay0103----ba 101 0 $aeng 102 $aUS 200 1 $aHypertext/hypermedia$fDavid H. Jonassen 210 $aEnglewood Cliffs$cEducational Technology Publications$dcopyr. 1989 215 $a91 p.$cill.$d28 cm 610 1 $aarchivi di dati reticolari 610 1 $aipertesto 676 $a005754$9Basi di dati reticolari 700 1$aJonassen,$bDavid H.$0745632 801 $aSistema bibliotecario di Ateneo dell' Università di Salerno$gRICA 912 $a990000254810203316 951 $a005.754 JON (A)$b0012770 959 $aBK 969 $aSCI 979 $c19920526 979 $c20001110$lUSA01$h1715 979 $c20020403$lUSA01$h1633 979 $aPATRY$b90$c20040406$lUSA01$h1618 996 $aHypertext$91487386 997 $aUNISA LEADER 03496nam 22007455 450 001 9910913786303321 005 20251113203500.0 010 $a9789819792436 010 $a9819792436 024 7 $a10.1007/978-981-97-9243-6 035 $a(CKB)36702056200041 035 $a(MiAaPQ)EBC31807807 035 $a(Au-PeEL)EBL31807807 035 $a(OCoLC)1477225218 035 $a(DE-He213)978-981-97-9243-6 035 $a(EXLCZ)9936702056200041 100 $a20241130d2024 u| 0 101 0 $aeng 135 $aur||||||||||| 181 $ctxt$2rdacontent 182 $cc$2rdamedia 183 $acr$2rdacarrier 200 10$aInnovative Design and Engineering Applications of Intelligent Systems Under the Framework of Industry 4.0 $eProceedings of 3rd International Conference on Intelligent Systems Design and Engineering Applications (ISDEA 2024) /$fedited by Yongsheng Ma 205 $a1st ed. 2024. 210 1$aSingapore :$cSpringer Nature Singapore :$cImprint: Springer,$d2024. 215 $a1 online resource (136 pages) 225 1 $aLecture Notes in Electrical Engineering,$x1876-1119 ;$v856 311 08$a9789819792429 311 08$a9819792428 330 $aThis proceedings book contains peer-reviewed papers presented at the 2024 International Conference on Intelligent Systems Design and Engineering Applications which was held in Tottori, Japan, May 10?12, 2024 (ISDEA2024). There are five major sessions covered in this book, including 1) Theory and Application of Artificial Intelligence Technologies in Industry; 2) System Design and Data Analysis within the Context of Internet of Things (IOT); 3) System Automation, Control, and Robots; 4) Smart Product Design and Integrated Manufacturing and 5) Sensors, Transducers and Detection Technology. This book provides an idea-exchange and discussion platform for the world's engineers and academia to share cutting-edge information, address the hottest issue in intelligent systems design and engineering applications, explore new technologies, exchange and build upon ideas. 410 0$aLecture Notes in Electrical Engineering,$x1876-1119 ;$v856 606 $aComputational intelligence 606 $aArtificial intelligence 606 $aEngineering design 606 $aIndustrial engineering 606 $aProduction engineering 606 $aElectric power distribution 606 $aComputational Intelligence 606 $aArtificial Intelligence 606 $aEngineering Design 606 $aIndustrial and Production Engineering 606 $aEnergy Grids and Networks 606 $aIntelligence Infrastructure 615 0$aComputational intelligence. 615 0$aArtificial intelligence. 615 0$aEngineering design. 615 0$aIndustrial engineering. 615 0$aProduction engineering. 615 0$aElectric power distribution. 615 14$aComputational Intelligence. 615 24$aArtificial Intelligence. 615 24$aEngineering Design. 615 24$aIndustrial and Production Engineering. 615 24$aEnergy Grids and Networks. 615 24$aIntelligence Infrastructure. 676 $a658.4038 700 $aMa$b Yongsheng$0980223 701 $aMa?$00 801 0$bMiAaPQ 801 1$bMiAaPQ 801 2$bMiAaPQ 906 $aBOOK 912 $a9910913786303321 996 $aInnovative Design and Engineering Applications of Intelligent Systems Under the Framework of Industry 4.0$94465302 997 $aUNINA